Basics of Electronic Communications (Record no. 8159)

000 -LEADER
fixed length control field 00418 a2200157 4500
020 ## - INTERNATIONAL STANDARD BOOK NUMBER
International Standard Book Number 8120324293
040 ## - CATALOGING SOURCE
Original cataloging agency DLC
Language of cataloging DLC
082 ## - DEWEY DECIMAL CLASSIFICATION NUMBER
Classification number 621.382
100 ## - MAIN ENTRY--PERSONAL NAME
Personal name NIIT
245 ## - TITLE STATEMENT
Title Basics of Electronic Communications
Statement of responsibility, etc. NIIT
260 ## - PUBLICATION, DISTRIBUTION, ETC.
Place of publication, distribution, etc. New Delhi :
Name of publisher, distributor, etc. Prentice-Hall of India Ltd.,
Date of publication, distribution, etc. 2004.
300 ## - PHYSICAL DESCRIPTION
Extent xi, 377 p. :
Other physical details ill.
Dimensions 25 cm.
500 ## - GENERAL NOTE
General note Includes Index
650 ## - SUBJECT ADDED ENTRY--TOPICAL TERM
Topical term or geographic name entry element Telecommunication
942 ## - ADDED ENTRY ELEMENTS (KOHA)
Koha item type Book
Call number prefix 621.382 NII
Source of classification or shelving scheme
Holdings
Withdrawn status Lost status Damaged status Not for loan Collection code Permanent Location Current Location Shelving location Date acquired Source of acquisition Cost, normal purchase price Total Checkouts Full call number Barcode Date last seen Price effective from Koha item type
          Central Library (CL) Central Library (CL) General Stacks 05/19/2004 Pak Book Corporation 369.32   621.382 NII SEECS004519 11/14/2012 01/05/2017 Book
          Central Library (CL) Central Library (CL) General Stacks 03/14/2005 Multi-Line Books 403.42   621.382 NII SEECS005426 11/14/2012 01/05/2017 Book
          Central Library (CL) Central Library (CL) General Stacks 05/19/2004 Pak Book Corporation 369.72   621.382 NII SEECS004517 05/27/2015 01/05/2017 Book
          Central Library (CL) Central Library (CL) General Stacks 05/19/2004 Pak Book Corporation 369.72   621.382 NII SEECS004518 11/14/2012 01/05/2017 Book
© 2023 Central Library, National University of Sciences and Technology. All Rights Reserved.